O Captain! My Captain! Quiz Stats

 Plays Quiz Updated Feb 28, 2020

Support Sporcle.
Go Orange.
Score 0/202 Timer 07:00
1 Play Today
% Correct
O
99.1%
O
99.1%
O
99.1%
O
99.1%
O
99.1%
O
99.1%
Captain!
98.5%
Captain!
98.5%
Captain
98.5%
Captain!
98.5%
Captain!
98.5%
Captain!
98.5%
Captain
98.5%
Captain
98.5%
my
98%
my
98%
my
98%
My
98%
My
98%
my
98%
my
98%
I
88.9%
I,
88.9%
the
88.4%
the
88.4%
the
88.4%
the
88.4%
the
88.4%
the
88.4%
the
88.4%
the
88.4%
the
88.4%
the
88.4%
the
88.4%
the
88.4%
the
88.4%
the
88.4%
the
88.4%
the
88.4%
the
88.4%
the
88.4%
is
78%
is
78%
is
78%
is
78%
is
78%
is
78%
and
72.8%
and
72.8%
and
72.8%
and
72.8%
and
72.8%
and
72.8%
and
72.8%
and
72.8%
and
72.8%
and
72.8%
you
70.6%
you
70.6%
you
70.6%
you
70.6%
you
70.6%
we
70.3%
he
68.9%
on
66%
on
66%
ship
64.6%
ship
64.6%
% Correct
ship,
64.6%
of
59.3%
for
58.9%
for
58.9%
For
58.9%
for
58.9%
For
58.9%
in
58.1%
our
57.4%
no
56.6%
are
54.6%
has
54.5%
has
54.5%
Where
52.3%
hear,
51.5%
hear
51.5%
It
51%
dead.
50.1%
dead.
50.1%
dead.
50.1%
done;
49.7%
done;
49.7%
not
48.1%
not
48.1%
But
47.4%
But
47.4%
your
46.9%
won;
46.8%
won;
46.8%
deck
45.5%
deck,
45.5%
deck
45.5%
cold
45%
cold
45%
cold
45%
will;
44.9%
up
44.3%
up
44.3%
trip
44%
trip,
44%
heart!
43.8%
heart!
43.8%
heart!
43.8%
lies,
43.1%
lies,
43.1%
all
42.9%
every
41.7%
fearful
41.2%
fearful
41.2%
bells
40.7%
bells;
40.7%
bells!
40.7%
that
39.9%
fallen
39.4%
fallen
39.4%
fallen
39.4%
they
38.8%
This
38.7%
his
38.2%
people
38.1%
near,
37.2%
port
37.2%
prize
37%
sought
36.8%
weather'd
36.6%
red,
36%
with
35.9%
with
35.9%
% Correct
does
35.7%
does
35.7%
rise
35.4%
rise
35.4%
rack,
32.6%
bleeding
32.3%
father!
32.1%
father
32.1%
flag
32.1%
drops
31.6%
from
31.6%
their
31.4%
eyes
31.3%
head;
31%
nor
30.3%
arm
29.9%
arm,
29.9%
here
29.2%
sound,
28.2%
dear
27.9%
flung
27.7%
some
27.4%
feel
27.4%
still;
27.4%
exulting,
27.1%
while
27%
vessel
27%
bugle
26.8%
ring,
26.7%
its
26.5%
exult,
26.3%
follow
26%
keel,
26%
trills;
26%
walk
25.5%
beneath
25.4%
pulse
25.2%
wreaths
25%
grim
24.9%
safe
24.8%
lips
24.8%
steady
24.3%
shores
24.2%
shores,
24.2%
victor
24.1%
You've
23.9%
bouquets
23.9%
ribbon'd
23.8%
daring:
23.8%
pale
23.5%
call,
23.3%
dream
23.1%
voyage
22.9%
tread,
22.7%
answer,
22.3%
mournful
21.5%
a-crowding;
21.2%
faces
20.6%
mass,
20.6%
anchor'd
19.6%
turning;
19.3%
eager
18.9%
comes
18.7%
swaying
18.3%
object
17.4%
closed
16.6%

You're not logged in!

Compare scores with friends on all Sporcle quizzes.
OR
Log In

From the Vault

Typing Marathon

by thebigbigcheese

Warm up those digits, it's time for a race!
Remove Ads.
Support Sporcle.
Get the best of Sporcle when you Go Orange. This ad-free experience offers more features, more stats, and more fun while also helping to support Sporcle. Thank you for becoming a member.

Show Comments

Extras

Top Quizzes Today


Score Distribution

Your Account Isn't Verified!

In order to create a playlist on Sporcle, you need to verify the email address you used during registration. Go to your Sporcle Settings to finish the process.

Report this User

Report this user for behavior that violates our Community Guidelines.

Details: